| Tag |
First Indicator |
Second Indicator |
Subfields |
| LEADER |
00000cas a22000007 4500 |
| 001 |
in00000091474 |
| 005 |
20200420140151.0 |
| 008 |
800718d19801980gauuu s0 0eng c |
| 010 |
|
|
|a sn 85012166
|
| 029 |
1 |
|
|a AU@
|b 000022833348
|
| 035 |
|
|
|a (OCoLC)ocm06525832
|
| 035 |
|
|
|a (OCoLC)6525832
|
| 040 |
|
|
|a GSU
|b eng
|c GSU
|d NST
|d OCL
|d GUA
|d OCL
|d OCLCQ
|d HUL
|d GUA
|d OCLCQ
|d OCLCF
|d OCLCO
|d GILDS
|d OCLCO
|d OCL
|d OCLCA
|d OCLCQ
|d UtOrBLW
|
| 042 |
|
|
|a pcc
|
| 043 |
|
|
|a n-us-ga
|
| 049 |
|
|
|a TXAM
|
| 050 |
1 |
4 |
|a QE101
|b .G46
|
| 090 |
|
|
|a TN24.G4
|b A34
|
| 110 |
2 |
|
|a Georgia Geologic Survey.
|0 http://id.loc.gov/authorities/names/n82045589
|
| 245 |
1 |
0 |
|a List of publications of the Georgia Geologic Survey.
|
| 264 |
|
1 |
|a [Atlanta] :
|b Dept. of Natural Resources, Environmental Protection Division, Georgia Geologic Survey
|
| 300 |
|
|
|a 1 volume ;
|c 23 cm
|
| 336 |
|
|
|a text
|b txt
|2 rdacontent
|
| 337 |
|
|
|a unmediated
|b n
|2 rdamedia
|
| 338 |
|
|
|a volume
|b nc
|2 rdacarrier
|
| 362 |
0 |
|
|a 17th ed.
|
| 650 |
|
0 |
|a Geology
|z Georgia
|v Bibliography.
|
| 650 |
|
0 |
|a Earth sciences
|z Georgia
|v Bibliography.
|
| 650 |
|
0 |
|a Hydrology
|z Georgia
|v Bibliography.
|
| 650 |
|
7 |
|a Earth sciences.
|2 fast
|0 (OCoLC)fst00900729
|
| 650 |
|
7 |
|a Geology.
|2 fast
|0 (OCoLC)fst00940627
|
| 650 |
|
7 |
|a Hydrology.
|2 fast
|0 (OCoLC)fst00965147
|
| 651 |
|
7 |
|a Georgia.
|2 fast
|0 (OCoLC)fst01204622
|
| 655 |
|
7 |
|a Bibliographies.
|2 fast
|0 (OCoLC)fst01919895
|
| 655 |
|
7 |
|a Bibliography.
|2 fast
|0 (OCoLC)fst01423717
|
| 655 |
|
7 |
|a Bibliographies.
|2 lcgft
|0 http://id.loc.gov/authorities/genreForms/gf2014026048
|
| 780 |
0 |
0 |
|t List of publications - Geologic & Water Resources Division
|w (OCoLC)5077566
|
| 785 |
0 |
0 |
|a Georgia Geologic Survey.
|t Publications of the Georgia Geologic Survey
|w (DLC)sn 91024030
|w (OCoLC)9473553
|
| 830 |
|
0 |
|a Circular (Georgia Geologic Survey) ;
|v 1.
|0 http://id.loc.gov/authorities/names/n84719025
|
| 850 |
|
|
|a AAP
|a GASU
|a IU
|
| 994 |
|
|
|a C0
|b TXA
|
| 949 |
|
|
|a updated
|b h
|c 2020/2/14
|e coplinger
|f 4:41:28 pm
|
| 999 |
f |
f |
|s 936d4206-cf30-3c7e-91b7-e42557e51ede
|i 38276a41-6a12-3b9e-91b4-ca58d8abbbfb
|t 0
|
| 952 |
f |
f |
|p ric
|a Texas A&M University
|b Rellis Campus
|c Joint Library Facility
|d Remote Storage
|t 0
|e TN24.G4 A34
|h Library of Congress classification
|i unmediated -- volume
|k 17th ed.
|l 1980
|m A14851050063
|
| 998 |
f |
f |
|a TN24.G4 A34
|s 17th ed. (1980)
|t 0
|l Remote Storage
|